The good girls / (Record no. 10053)
[ view plain ]
| 000 -LEADER | |
|---|---|
| fixed length control field | 01020nam a22003137a 4500 |
| 003 - CONTROL NUMBER IDENTIFIER | |
| control field | OSt |
| 005 - DATE AND TIME OF LATEST TRANSACTION | |
| control field | 20260413095314.0 |
| 008 - FIXED-LENGTH DATA ELEMENTS--GENERAL INFORMATION | |
| fixed length control field | 260413b |||||||| |||| 00| 0 eng d |
| 010 ## - LIBRARY OF CONGRESS CONTROL NUMBER | |
| LC control number | 2015932004 |
| 020 ## - INTERNATIONAL STANDARD BOOK NUMBER | |
| International Standard Book Number | 9780062074539 |
| 040 ## - CATALOGING SOURCE | |
| Transcribing agency | HARPER TEEN |
| 041 ## - LANGUAGE CODE | |
| Language code of text/sound track or separate title | ENGLISH |
| 050 ## - LIBRARY OF CONGRESS CALL NUMBER | |
| Classification number | PZ 7.S539 2015 |
| Item number | .S539 2015 |
| 100 ## - MAIN ENTRY--PERSONAL NAME | |
| Personal name | Shepard, Sara. |
| 245 ## - TITLE STATEMENT | |
| Title | The good girls / |
| Statement of responsibility, etc. | Sara Shepard. |
| 250 ## - EDITION STATEMENT | |
| Edition statement | 1ST EDITION |
| 260 ## - PUBLICATION, DISTRIBUTION, ETC. | |
| Place of publication, distribution, etc. | New York : |
| Name of publisher, distributor, etc. | HarperTeen, |
| Date of publication, distribution, etc. | 2015. |
| 300 ## - PHYSICAL DESCRIPTION | |
| Extent | 339 pages ; |
| Dimensions | 21 cm. |
| 490 ## - SERIES STATEMENT | |
| Series statement | The perfectionists ; |
| Volume/sequential designation | book 2 |
| 520 ## - SUMMARY, ETC. | |
| Summary, etc. | A group of high school girls become entangled in secrets and a murder investigation as they attempt to uncover the truth behind a mysterious death. |
| 650 ## - SUBJECT ADDED ENTRY--TOPICAL TERM | |
| Topical term or geographic name entry element | High school students |
| Form subdivision | Fiction. |
| 650 ## - SUBJECT ADDED ENTRY--TOPICAL TERM | |
| Topical term or geographic name entry element | Female friendship |
| Form subdivision | Fiction. |
| 650 ## - SUBJECT ADDED ENTRY--TOPICAL TERM | |
| Topical term or geographic name entry element | Murder |
| Form subdivision | Investigation |
| 650 ## - SUBJECT ADDED ENTRY--TOPICAL TERM | |
| Topical term or geographic name entry element | Secrets |
| Form subdivision | Fiction. |
| 655 ## - INDEX TERM--GENRE/FORM | |
| Source of term | lcgft |
| Genre/form data or focus term | Young adult fiction. |
| 655 ## - INDEX TERM--GENRE/FORM | |
| Source of term | lcgft |
| Genre/form data or focus term | Mystery fiction. |
| 800 ## - SERIES ADDED ENTRY--PERSONAL NAME | |
| Personal name | Shepard, Sara. |
| 942 ## - ADDED ENTRY ELEMENTS (KOHA) | |
| Source of classification or shelving scheme | Library of Congress Classification |
| Koha item type | Books |
| Edition | 1st ed. |
| Suppress in OPAC | No |
| Withdrawn status | Lost status | Source of classification or shelving scheme | Damaged status | Not for loan | Home library | Current library | Date acquired | Total checkouts | Full call number | Barcode | Date last seen | Price effective from | Koha item type |
|---|---|---|---|---|---|---|---|---|---|---|---|---|---|
| Library of Congress Classification | PIU Library | Main Library | 04/13/2026 | PZ 7 .S539 2016 | PIUDLMUR1009 | 04/13/2026 | 04/13/2026 | Books |